Quei ricordi là - Olly - Testo - Statistics

Statistiche generali
  • Questo quiz è stato fatto 155 volte
  • Il punteggio medio è 247 su 313
Statistiche sulle risposte
Risposta % Corretto
a
100%
i
97%
l'
97%
la
97%
97%
e
96%
è
96%
ma
96%
quei
96%
ricordi
96%
ricordì
96%
mi
94%
Mi
94%
un'
93%
un
93%
che
91%
il
91%
o
91%
so
91%
non
90%
di
89%
tu
89%
con
87%
da
87%
su
87%
Tra
87%
una
87%
bel
86%
le
86%
per
86%
quando
86%
86%
86%
ti
86%
come
84%
Io
84%
ne
84%
puoi
84%
in
83%
quelli
83%
tornare
83%
amore
81%
mare
81%
sia
81%
Ci
80%
po'
80%
qualche
80%
vento
80%
anno
79%
bellissimo
79%
brivido
79%
forte
79%
lascia
79%
me
79%
se
79%
sole
79%
tira
79%
vedo
79%
amaca
77%
aperto
77%
fare
77%
nel
77%
sul
77%
sarà
76%
ore
74%
però
74%
prometto
74%
sono
74%
balla
73%
miei
73%
sopra
73%
spiegare
73%
baobab
71%
occhiali
71%
pena
71%
tutte
70%
valsa
70%
ballare
69%
c'è
69%
dai
69%
guacamole
69%
lo
69%
ripetizione
69%
sotto
69%
ad
67%
cocco
67%
colazione
67%
comò
67%
gilet
67%
mia
67%
panca
67%
zumba
67%
attorno
66%
Cocoricò
66%
corso
66%
dentiera
66%
dominicana
66%
nipoti
66%
pesca
66%
piana
66%
radar
66%
sarò
66%
canna
64%
ciabatte
64%
corrono
64%
esca
64%
fiatone
64%
fondo
64%
mercante
64%
spaparanzato
64%
tutto
64%
daranno
63%
fuori
63%
ho
63%
inchiostro
63%
orecchie
63%
spacciato
63%
tapas
63%
vele
63%
saranno
61%
tatuaggi
61%
due
60%
magari
60%
momenti
60%
ormai
60%
prima
60%
ricorderanno
60%
Techetechetè
60%
giorno
59%
macchie
59%
pedalò
59%
urca
59%
cercare
57%
concerto
57%
dimenticare
57%
merengue
56%
perchè
56%
poi
56%
quello
56%
scordare
56%
solo
56%
chitarre
54%
così
54%
moglie
54%
nello
54%
panino
54%
stretto
54%
tengo
54%
vale
54%
farò
53%
notti
53%
qualcosa
53%
quelle
53%
cercheranno
51%
litigare
51%
nonostante
50%
capito
49%
decolletè
47%
letto
47%
mattine
47%
stesso
47%
avrò
46%
perse
44%
Cirulla
40%
finirà
40%
giocarmi
39%
Nessun quiz corrispondente trovato
Distribuzione punteggi
Percentuale di utenti per punteggio
Percentile per numero di risposta
I tuoi punteggi nel tempo
Non hai fatto questo quiz